000 00735nam a2200217 i 4500
001 135801
003 ES-MaACL
005 20250729050628.0
007 t|
008 070214s1960 sp r ||||1| spa d
100 1 _aRouse, Hunter.
_9100046
245 1 0 _aHidraúlica
_b: mecánica elemental de fluídos /
_cHunter Rouse ; versión de Alfredo Semelas Arroyo ; prólogo de Enrique Becerril.
260 _aMadrid :
_bDossat,
_c1960.
300 _aXVI, 337 p., 1 lám. :
_bil. ;
_c26 cm.
650 0 4 _aHidraúlica.
_913334
650 0 7 _aMecánica de fluidos
_2embne
_914877
700 1 _aSemelas Arroyo, Alfredo.
_9105374
700 1 _aBecerril, Enrique.
_926887
852 _aES-MaACL
_jC-19134
_bR.46797
999 _c135801
_d135801